Szczegóły MARC21

Pojęcia i problemy nauki o literaturze /

003 -Nazwa inst., której nr kontr. jest w polu 001 [,]
    • @
    • Nazwa instytucji, której n kontrolny jest w polu 001
    • NUKAT
005 -DATA I CZAS OSTATNIEJ MODYFIKACJI [,]
    • @
    • pole kontrolne
    • 20241231104907.0
040 -Instytucja sporządzająca opis [ , ]
    • a
    • Instytucja, która sporządziła opis (NP)
    • KR 303/DW
    • c
    • Instytucja, która sporządziła rekord (NP)
    • KR 303/DW
    • d
    • Instytucja, która zmodyfikowała rekord (P)
    • KR 303/DW
    • d
    • Instytucja, która zmodyfikowała rekord (P)
    • KR 303/RAMs
    • d
    • Instytucja, która zmodyfikowała rekord (P)
    • WR O/KSs
    • d
    • Instytucja, która zmodyfikowała rekord (P)
    • KR 119/IK
    • d
    • Instytucja, która zmodyfikowała rekord (P)
    • LUBL KUL/ew
    • d
    • Instytucja, która zmodyfikowała rekord (P)
    • OLSZT 003/DS
041 -Język dokumentu [1, ]
    • a
    • Język tekstu (P)
    • polski
    • h
    • Język tekstu oryginalnego i/lub pośredniego (P)
    • angielski
942 -Rodzaj dokumentu [ , ]
    • c
    • Rodzaj dokumentu
    • Książka
100 -Hasło główne - nazwa osobowa [1, ]
    • a
    • Nazwa osobowa (NP)
    • Wellek, René
    • d
    • Daty biograficzne (NP)
    • (1903-1995).
    • 9
    • KHW
    • 66392
245 -Strefa tytułu i oznaczenia odpowiedzialności [1,0]
    • a
    • Tytuł
    • Pojęcia i problemy nauki o literaturze / Find
    • c
    • Pozostałe elementy strefy tytułu i oznaczenia odpowiedzialności (NP)
    • René Wellek ; wybrał i przedm. poprzedził Henryk Markiewicz ; [teksty przeł.: Andrzej Jaraczewski, Maria Kaniowa, Ignacy Sieradzki].
260 -Strefa adresu wydawniczego [ , ]
    • a
    • Miejsce wydania (P)
    • Warszawa :
    • b
    • Nazwa wydawcy (P)
    • Państwowy Instytut Wydawniczy,
    • c
    • Data wydania (P)
    • 1979.
300 -Strefa opisu fizycznego [ , ]
    • a
    • Określenie formy książki i/lub objętość (NP)
    • 621, [3] s., [1] k. tabl. :
    • b
    • Oznaczenie ilustracji (NP)
    • il. ;
    • c
    • Format (NP)
    • 21 cm.
336 -Typ zawartości [ , ]
    • a
    • Termin opisujący typ zawartości
    • Tekst
    • b
    • Kod określający zawartość
    • txt
    • 2
    • Źródło (terminu i kodu)
    • rdacontent
337 -Typ mediów [ , ]
    • a
    • Tryb odtwarzania
    • Bez urządzenia pośredniczącego
    • b
    • Kod typu mediów
    • n
    • 2
    • Źródło (terminu i kodu)
    • rdamedia
338 -Typ/rodzaj nośnika [ , ]
    • a
    • Hasło opisujące typ nośnika
    • Wolumin
    • b
    • Kod typu nośnika
    • nc
    • 2
    • Źródło (terminu i kodu)
    • rdacarrier
490 -Strefa serii i książki wielotomowej - forma nie do wyszukiwania [1, ]
    • a
    • Tytuł (P)
    • Biblioteka Studiów Literackich Find
830 -Hasło dodatkowe serii i opisu książki wielotomowej - tytuł ujednolicony/tytuł [ ,0]
    • a
    • Tytuł ujednolicony/tytuł (NP)
    • Biblioteka Studiów Literackich
    • 9
    • KHW
    • 18477
500 -Uwaga ogólna [ , ]
    • a
    • Uwaga ogólna (NP)
    • Szkice z tomu "Concepts of criticism" z 1963 i "Discriminations: further concepts of criticism" z 1970.
504 -Uwaga dot. bibliogr. załącznikowej [ , ]
    • a
    • Uwaga dot. bibliografii załącznikowej
    • Źródla tekstów s. 579-581. Bibliogr. prac aut. 582-593. Indeks.
080 -Uniwersalna Klasyfikacja Dziesiętna [ , ]
    • 2
    • Identyfikator wydania tablic
    • UDC-P058
    • a
    • Symbol klasyfikacji
    • 82(091)
    • b
    • Dopowiedzenie
    • Historia literatury.
080 -Uniwersalna Klasyfikacja Dziesiętna [ , ]
    • 2
    • Identyfikator wydania tablic
    • UDC-P058
    • a
    • Symbol klasyfikacji
    • 82.0
    • b
    • Dopowiedzenie
    • Teoria literatury. Nauka o literaturze. Poetyka.
600 -Hasło przedmiotowe w formie nazwy osobowej [1,7]
    • a
    • Nazwa osobowa
    • Wellek, René
    • d
    • Daty związane z nazwą
    • (1903-1995)
    • v
    • Określnik formalny
    • bibliografia.
    • 2
    • Źródło terminu
    • kaba
    • 9
    • KHW
    • 476944
600 -Hasło przedmiotowe w formie nazwy osobowej [1,7]
    • a
    • Nazwa osobowa
    • Spitzer, Leo
    • d
    • Daty związane z nazwą
    • (1887-1960)
    • v
    • Określnik formalny
    • bibliografia.
    • 2
    • Źródło terminu
    • kaba
    • 9
    • KHW
    • 476945
650 -Hasło przedmiotowe [ ,7]
    • a
    • Hasło przedmiotowe
    • Teoria literatury.
    • 2
    • Źródło terminu
    • kaba
    • 9
    • KHW
    • 117059
650 -Hasło przedmiotowe [ ,7]
    • a
    • Hasło przedmiotowe
    • Prądy literackie.
    • 2
    • Źródło terminu
    • kaba
    • 9
    • KHW
    • 143402
980 -Symbol UKD [ , ]
    • a
    • UKD
    • 82(091)+82.0
700 -Hasło dodatkowe - nazwa osobowa [1, ]
    • a
    • Nazwa osobowa (NP)
    • Markiewicz, Henryk Find
    • d
    • Daty biograficzne (NP)
    • (1922-2013).
    • e
    • Określenie rodzaju współpracy
    • Wybór
    • 9
    • KHW
    • 69172
700 -Hasło dodatkowe - nazwa osobowa [1, ]
    • a
    • Nazwa osobowa (NP)
    • Jaraczewski, Andrzej. Find
    • e
    • Określenie rodzaju współpracy
    • Tł.
    • 9
    • KHW
    • 61936
700 -Hasło dodatkowe - nazwa osobowa [1, ]
    • a
    • Nazwa osobowa (NP)
    • Kaniowa, Maria Find
    • d
    • Daty biograficzne (NP)
    • (1924-1983).
    • e
    • Określenie rodzaju współpracy
    • Tł.
    • 9
    • KHW
    • 56571
700 -Hasło dodatkowe - nazwa osobowa [1, ]
    • a
    • Nazwa osobowa (NP)
    • Sieradzki, Ignacy Find
    • d
    • Daty biograficzne (NP)
    • (1932- ).
    • e
    • Określenie rodzaju współpracy
    • Tł.
    • 9
    • KHW
    • 48256
710 -Hasło dodatkowe - nazwa ciała zbiorowego [2, ]
    • a
    • Nazwa ciała zbiorowego lub nazwa geograficzna jako pierwszy element (NP)
    • Państwowy Instytut Wydawniczy.
    • 4
    • Kod relacji
    • pbl
    • 9
    • KHW
    • 51410
Data inwentaryzacji Sygnatura Uwagi nie widoczne w OPAC Status udost. Lokalizacja Obwoluta Numer inwentarzowy
 retrokonwersja1BG Z.37068
 retrokonwersja-3BG W.80948
 retrokonwersja-3BG W.80949
 retrokonwersja-3BG W.80950
 retrokonwersja2BG W.81345
2019-02-12  1BM1Q.667
 POL. Teoria literatury 03retrokonwersja1BM P.9386
  retrokonwersja-3BM P.2061